00490nam a2200145Ia 4500008004100000041000800041082001400049100002000063245004500083260003900128300002900167365000900196999001700205952012200222240624s9999 xx 000 0 und d aeng a658.8 SEI aSEITEL FRASER P aRETHINKING REPUTATION HOW PR TRUMPS MARK c2012aNew YorkbPalgrave Macmillan ax, : 235 : p. : cm. ; 24 cb30 c23600d23600 00104070aIMTNbIMTNcRack 36-Ad2014-10-27eBBg26.00o658.8 SEIp23600r2024-06-24 00:00:00t64.2w2024-06-24yBK